Gta 5 All missons - Statistics

General Stats
  • This quiz has been taken 194 times
  • The average score is 33 of 72
Answer Stats
Hint Answer % Correct
The North Yankton Robbery Prologue
86%
Franklin's Dog Chop
83%
Meeting Franklin Franklin and Lamar
79%
Getting a Bike Repossession
75%
Franklin Gets Fired Complications
74%
People Steal a Boat Father/Son
69%
Doing Yoga Did Somebody Say Yoga?
64%
D gets Killed The Long Stretch
64%
Michael Smashes a TV Daddy's Little Girl
62%
Buying Masks Masks
61%
Jay Norris gets his Face Blown off Friend Request
60%
Trevor is Insane Mr. Philips
60%
Beating up Lazlow Fame or Shame
59%
Scouting a Port Scouting the Port
59%
A suit for a Boiler Boiler suits
58%
The Name of Trevor's Business Trevor Philips Industries
57%
The Tennis Coach Marriage Counseling
56%
Michael gets Knocked out Dead Man Walking
55%
Visting Vangelico Casing the Jewel Store
54%
Visiting Los Santos Friends Reunited
54%
Trevor meets Lamar Hood Safari
54%
The Torture Mission By the Book
53%
Is that a Nuke The Merryweather Heist
52%
Blowing up a House Crystal Maze
51%
Arms Dealing Nervous Ron
51%
Breaking into the IAA Building Three's Company
51%
Impersonating Cops I Fought the Law
50%
Robbing The Jewel Store The Jewel Store Job
50%
Stealing a Tow Truck Tow Truck
50%
Lamar Gets Kidnapped Lamar Down
49%
Stealing Guns Carbine Rifles
48%
Doing the Big One The Big Score
48%
Movie Premiere Meltdown
46%
Wrapping things Up The Wrap Up
46%
A precious Document Blitz Play
45%
Stealing a Helicopter Cargobob
45%
Stealing a Sub Minisub
45%
When a Train goes off the Tracks Derailed
44%
Debra's Back Hang Ten
44%
They got a Tank The Paleto Score
43%
Stealing a Garbage Truck Trash Truck
43%
Michael is Hanging Fresh Meat
42%
Brad's Dead Bury the Hatchet
41%
Exactly 10 Eye in the Sky
41%
Freefalling Caida Libre
40%
Do you have a Deathwish
40%
Making a Movie Mr. Richards
40%
Killing Trevor Something Sensible
40%
Raiding the FIB Building The Bureau Raid
40%
Gas Grenades BZ Gas Grenades
39%
Beating up Fabien Reuniting the Family
39%
Killing someone Important The Hotel Assassination
39%
James Bond Deep Inside
37%
Stealing a Fire Truck Fire Truck
37%
Shaving Cream Monkey Business
36%
The Final Car Pack Man
36%
Killing Rocco The Ballad of Rocco
36%
Killing Michael The Time's Come
34%
Police Stingers Stingers
32%
Following an Architect Architect's Plans
31%
Exterminator Van Bugstars Equipment
31%
Bravado Stealing Gauntlet
31%
The Big One Surveying the Score
31%
Stalking a Janitor Cleaning out the Bureau
29%
Jet turbine juiced Legal Trouble
29%
Alien vs. Predator
29%
Military Convoy Military Hardware
28%
The Drill Driller
23%
Planning the Big One Planning the Big Score
23%
A whole Cargo Plane Minor Turbulance
22%
A hick town Paleto score setup
21%
Magnets Sidetracked
17%
No matching quizzes found
Score Distribution
Percent of People with Each Score
Percentile by Number Answered
Your Score History
You have not taken this quiz